Proces udeľovania ratingu

Rating ako analýza verejných a dôverných informácií, ktoré zozbiera analytik ratingovej agentúry. Základný obsah tvorby ratingu. Priebeh ratingového procesu.

Saved in:
Bibliographic Details
Main Author: Kmeťko, Miroslav, 1969-
Other Authors: Škriniar, Pavel, 1979-
Format: Book Chapter
Language:Slovak
Subjects:
Tags: Add Tag
No Tags, Be the first to tag this record!

MARC

LEADER 00000nla a2200000 4500
001 0151894
005 20240502072720.6
041 0 |a slo 
044 |a SK 
245 1 0 |a Proces udeľovania ratingu  |c Miroslav Kmeťko, Pavel Škriniar 
520 |a Rating ako analýza verejných a dôverných informácií, ktoré zozbiera analytik ratingovej agentúry. Základný obsah tvorby ratingu. Priebeh ratingového procesu. 
610 2 0 |a rating 
610 2 0 |a agentúry 
610 2 0 |a analýza finančná 
610 2 0 |a informácie 
610 2 0 |a financie 
610 2 0 |a cash flow 
100 1 |a Kmeťko, Miroslav, 1969- 
700 1 |a Škriniar, Pavel, 1979-